Sufism and Beyond : (Record no. 606878)

MARC details
000 -LEADER
fixed length control field 00489nam a2200193 a 4500
008 - FIXED-LENGTH DATA ELEMENTS--GENERAL INFORMATION
fixed length control field 260103s1999##################000#0#eng##
020 ## - INTERNATIONAL STANDARD BOOK NUMBER
ISBN 1890206237
082 04 - DEWEY DECIMAL CLASSIFICATION NUMBER
Classification number 297.4092
Item number ANS
100 1# - MAIN ENTRY--AUTHOR NAME
Personal name Ansari, Ali,
245 10 - TITLE STATEMENT
Title Sufism and Beyond :
260 ## - PUBLICATION, DISTRIBUTION, ETC. (IMPRINT)
Name of publisher Mapin Publishing Pvt,
Year of publication 1999.
300 ## - PHYSICAL DESCRIPTION
Number of Pages 156 pages
650 #0 - SUBJECT ADDED ENTRY--TOPICAL TERM
Topical Term Philosophy.
942 ## - ADDED ENTRY ELEMENTS (KOHA)
Koha item type English Books
Holdings
Withdrawn status Lost status Damaged status Not for loan Home library Current library Shelving location Date acquired Full call number Accession Number Price effective from Koha item type
        Anna Centenary Library Anna Centenary Library 3RD FLOOR, B WING 03.01.2026 297.4092 ANS 533406 03.01.2026 English Books

Find us on the map